000 00243nam a2200097Ia 4500
001 708531
005 20250826162529.0
008 250824s9999 xx 000 0 und d
245 0 _aSENDEN AKILLISI MI VAR
_cMAHİR DUMAN
260 _bHAYAT YAYINLARI
999 _c708531
_d708531